00402ntaaa2200145 45000030003000000050017000030080021000200400037000410820014000781000019000922450075001112500044001863000013002306500013002430120251027201857.00714s1973 ag 01  aAR-BaBNbspacAR-BaBNeaacrdRIC a230.1 T46 aTillich, Paul  aBiblical reiligon and the search for ultimate reality / cPaul Tillich a1 ed. : bUniversity of Chicago, c1963 ax, 85 p. aTEOLOGIA